| 000 | 00949cam a22002778a 4500 | ||
|---|---|---|---|
| 003 | OSt | ||
| 005 | 20240530110426.0 | ||
| 008 | 130130s2013 pau f b 001 0 eng | ||
| 020 | _a9781451105636 (alk. paper) | ||
| 020 | _a1451105630 | ||
| 035 | _a(DNLM)101601028 | ||
| 040 |
_aEG-CaGPL _cEG-CaGPL |
||
| 042 | _apcc | ||
| 082 | 0 | 4 |
_221 _a616.0194\ _bK F |
| 245 | 0 | 0 |
_aFields virology / _ceditors-in-chief, David M. Knipe, Peter M. Howley. |
| 250 | _a6th ed. | ||
| 260 |
_aPhiladelphia, PA : _bWolters Kluwer/Lippincott Williams & Wilkins Health, _cc2013. |
||
| 300 |
_a2 volumes : _bsome color illustrations ; _c29 cm. |
||
| 504 | _aIncludes bibliographical references and index. | ||
| 650 | 1 | 2 | _aViruses. |
| 650 | 2 | 2 | _aVirus Diseases. |
| 700 | 1 |
_aKnipe, David M. _q(David Mahan), _d1950- |
|
| 700 | 1 | _aHowley, Peter M. | |
| 856 | 4 | 2 |
_3Publisher description _uhttp://www.loc.gov/catdir/enhancements/fy1306/2013003842-d.html |
| 942 |
_2ddc _cBK |
||
| 999 |
_c60756 _d60756 |
||